География. Ч. 1 (Запись № 9562275)

Подробности
000 -МАРКЕР
контрольное поле 01064nam2a2200241 4500
001 - ИДЕНТИФИКАТОР ЗАПИСИ
контрольное поле RU\NLR\ONL1\16705
005 - ИДЕНТИФИКАТОР ВЕРСИИ
контрольное поле 20250613122819.0
035 ## - ДРУГИЕ СИСТЕМНЫЕ НОМЕРА
Идентификатор записи (NLR Aleph) 009645443
100 ## - ДАННЫЕ ОБЩЕЙ ОБРАБОТКИ
Данные общей обработки 20100512d1937 |||y0rusy50 ca
101 0# - ЯЗЫК РЕСУРСА
Язык текста, звукозаписи и т.д. мокшанский(морд.-мокша)
102 ## - СТРАНА ПУБЛИКАЦИИ ИЛИ ПРОИЗВОДСТВА
Страна публикации Российская Федерация
105 ## - ПОЛЕ КОДИРОВАННЫХ ДАННЫХ: ТЕКСТОВЫЕ МАТЕРИАЛЫ, МОНОГРАФИЧЕСКИЕ
Кодированные данные о монографическом текстовом документе a |||||||||
200 0# - ЗАГЛАВИЕ И СВЕДЕНИЯ ОБ ОТВЕТСТВЕННОСТИ
Основное заглавие Ч. 1
Сведения, относящиеся к заглавию начальнай школань 3-це кл. тонафнема книга
205 ## - СВЕДЕНИЯ ОБ ИЗДАНИИ
Сведения об издании 4-це изд.
210 ## - ПУБЛИКАЦИЯ, РАСПРОСТРАНЕНИЕ И ДР.
Дата издания, распространения и т.д. 1937
Место издания, распространения и т.д. Б. м.
215 ## - ФИЗИЧЕСКАЯ ХАРАКТЕРИСТИКА
Специфическое обозначение материала и объем 164 с.
Другие сведения о физической характеристике ил.
461 #0 - УРОВЕНЬ НАБОРА
Встроенное поле 001RU\NLR\ONL1\16704
-- 2001#$aГеография$eнач. школаса тонафнема книга$fЛ. Г. Терехова и В. Г. Эрдели$vЧ. 1
-- 700#1$aТерехова$bЛ. Г.$gЛидия Григорьевна$4070
Системный номер (АБИС) связанной записи 9562274
Автор Терехова, Л. Г.
Место публикации М.
Дата публикации 1937
Первые сведения об ответственности Л. Г. Терехова и В. Г. Эрдели
Имя издателя, распространителя и т.д. Учпедгиз
Сведения, относящиеся к заглавию нач. школаса тонафнема книга
Заглавие География
Номер тома Ч. 1
801 #0 - ИСТОЧНИК ЗАПИСИ
Страна Российская Федерация
Организация NLR
Дата составления 20100512
Правила каталогизации PSBO
852 ## - МЕСТОНАХОЖДЕНИЕ И ШИФР ХРАНЕНИЯ
Идентификатор организации NLR
Наименование фонда или коллекции (Sub-Location Identifier) ОНЛ
Шифр хранения (Call Number) Морд.м./3-208
942 ## - ДОПОЛНИТЕЛЬНЫЕ ЭЛЕМЕНТЫ ЗАПИСИ (АБИС)
Тип экземпляра АБИС Книга
980 ## - КОЛЛЕКЦИЯ
Название коллекции Национальная библиография
Экземпляры
Тип экземпляра Дата поступления Библиотека постоянного хранения Библиотека текущего хранения Место хранения Шифр хранения Штрих-код Статус экземпляра
Книга 26.10.2013 РНБ (Московский) РНБ (Московский) Фонд национальных литератур Морд.м./3-208 1-1463808